000 00874nam a2200253Ia 4500
001 dia_4184
003 CHAP
005 20251029164354.0
008 220117s1982 xx 000 0 und d
010 _a174817
040 _cCHAP
_amxchpua
_erda
090 _aFOLLETO 2249
100 _aInstituto nacional de investigaciones agrícolas. México
_9155715
245 _aGuía para cultivar sorgo en los Valles Altos de México, Hidalgo, Tlaxcala /
_c Instituto nacional de investigaciones agrícolas. México
260 _aMéxico :
_b Campo agrícola experimental Valle de México,
_c1982
300 _a16 p.
500 _aS/c (Folleto para productores, 17)
650 _aSorgo
_xMéxico
_9108697
700 _aINIA
_9147848
901 _aFOLLETO 2249
902 _aM
905 _a0000001982 mx 0000000000spa00
942 _cFOLL
_2local
999 _c174817
_d174817